[Event "Goch op 22nd"]
[Site "Goch"]
[Date "2011.09.29"]
[Round "1"]
[White "Dehn, Marcus"]
[Black "Dittmann, Rolf"]
[Result "1-0"]
[WhiteElo "2122"]
[BlackElo "1802"]
[PlyCount "97"]
[EventDate "2011.09.29"]
[EventType "swiss"]
[EventRounds "7"]
[EventCountry "GER"]
[SourceTitle "EXT 2014"]
[Source "ChessBase"]
[SourceDate "2013.11.20"]
[SourceVersion "1"]
[SourceVersionDate "2013.11.20"]
[SourceQuality "1"]

1. e4 d5 2. Nc3 d4 3. Nce2 c5 4. Ng3 Nc6 5. Bc4 Nf6 6. d3 e5 7. Nf3 Be7 8. 0-0 0-0 9. Bb5 Qc7 10. Bxc6 bxc6 11. b3 a5 12. a4 h6 13. h3 Ne8 14. Re1 Be6 15. Nf1 Qd6 16. Bd2 Bf6 17. Qc1 Kh7 18. Re2 Rg8 19. Qe1 Qd8 20. Rb1 g5 21. N3h2 g4 22. hxg4 Bxg4 23. Nxg4 Rxg4 24. f3 Rg6 25. g3 Bg5 26. Rh2 Ng7 27. Kf2 Ne6 28. Ke2 Bxd2 29. Qxd2 Qg5 30. Qxg5 Rxg5 31. g4 Rh8 32. Ng3 Ng7 33. Rbh1 Kg6 34. Nf5 Nxf5 35. exf5+ Kg7 36. Rh5 Rxh5 37. Rxh5 f6 38. Kf2 Re8 39. Kg3 Re7 40. Rh2 Re8 41. Kh4 Re7 42. Kh5 Kh7 43. Re2 Kg7 44. Re4 Re8 45. f4 Re7 46. fxe5 fxe5 47. g5 hxg5 48. Kxg5 Kf8 49. Kf6 1-0

[Event "Berlin Lichtenberger Sommer 2nd"]
[Site "Berlin"]
[Date "2003.08.17"]
[Round "2.54"]
[White "Dittmann, Rolf"]
[Black "Eberlein, Johann"]
[Result "1/2-1/2"]
[WhiteElo "1822"]
[BlackElo "1449"]
[PlyCount "116"]
[EventDate "2003.08.16"]
[EventType "swiss"]
[EventRounds "9"]
[EventCountry "GER"]
[SourceTitle "EXT 2022"]
[Source "ChessBase"]
[SourceDate "2021.10.06"]
[SourceVersion "1"]
[SourceVersionDate "2021.10.06"]
[SourceQuality "1"]

1. d4 d5 2. Nf3 Nf6 3. e3 Bg4 4. Nbd2 e6 5. c4 c6 6. Qb3 Qc7 7. Bd3 Nbd7 8. 0-0 dxc4 9. Qxc4 Be7 10. b3 0-0 11. Bb2 Nb6 12. Qc2 Nbd5 13. a3 Bxf3 14. Nxf3 Rac8 15. e4 Nf4 16. e5 Nxd3 17. exf6 Nxb2 18. fxe7 Qxe7 19. Qxb2 Rfd8 20. b4 Rd5 21. Rfe1 g5 22. Re5 Rcd8 23. Rae1 g4 24. Rxd5 Rxd5 25. Ne5 Qg5 26. Qc3 Qf4 27. Qg3 Rxd4 28. Qxf4 Rxf4 29. Rd1 Kg7 30. Kf1 Kf6 31. Nd7+ Ke7 32. Nc5 b6 33. Nd3 Rc4 34. Rc1 Rxc1+ 35. Nxc1 Kd6 36. Ke2 Kd5 37. Kd3 c5 38. b5 c4+ 39. Kc3 Kc5 40. a4 e5 41. Na2 f5 42. Nb4 f4 43. Nc6 e4 44. Kd2 a6 45. Na7 axb5 46. Nxb5 h5 47. g3 fxg3 48. hxg3 Kb4 49. Nc3 Kb3 50. Nxe4 Kxa4 51. Kc3 b5 52. Nd2 Ka3 53. Nxc4+ bxc4 54. Kxc4 Kb2 55. Kd3 Kc1 56. Ke2 Kc2 57. f4 gxf3+ 58. Kxf3 Kd3 1/2-1/2

[Event "Berlin Lichtenberger Sommer 2nd"]
[Site "Berlin"]
[Date "2003.08.16"]
[Round "1.7"]
[White "Seger, Ruediger"]
[Black "Dittmann, Rolf"]
[Result "1-0"]
[WhiteElo "2379"]
[BlackElo "1822"]
[PlyCount "79"]
[EventDate "2003.08.16"]
[EventType "swiss"]
[EventRounds "9"]
[EventCountry "GER"]
[SourceTitle "EXT 2022"]
[Source "ChessBase"]
[SourceDate "2021.10.06"]
[SourceVersion "1"]
[SourceVersionDate "2021.10.06"]
[SourceQuality "1"]

1. e4 d5 2. exd5 Nf6 3. d4 Nxd5 4. c4 Nf6 5. Nc3 g6 6. Nf3 Bg4 7. Be2 Nbd7 8. h3 Bxf3 9. Bxf3 c6 10. 0-0 Bg7 11. Re1 0-0 12. Qb3 Qb6 13. Qxb6 axb6 14. Rxe7 Rfe8 15. Rxe8+ Nxe8 16. Ne2 Nd6 17. b3 Nf5 18. Bb2 Nc5 19. Bg4 Ne7 20. Kf1 h5 21. Bf3 Nf5 22. g4 hxg4 23. hxg4 Nh4 24. Bh1 f5 25. gxf5 Nxf5 26. Bc3 Ne6 27. d5 Bxc3 28. Nxc3 Ned4 29. dxc6 bxc6 30. Rd1 Rf8 31. Kg1 c5 32. Be4 Nd6 33. Bd5+ Kg7 34. Na4 Ne2+ 35. Kf1 Ng3+ 36. Kg2 Nge4 37. f3 Ng5 38. Nxb6 Nxf3 39. Nd7 Rf5 40. Nxc5 1-0